000 00517nam a2200205Ia 4500
001 2023
003 IVS
005 20250626024123.0
008 211022s9999 xx 000 0 und d
040 _cIVS
082 _a746 MOI
100 _aMoiz Ur Rehman Shah
245 0 _aCopper works of Peshawar
260 _aKarachi
260 _bIndus Valley School
260 _c2003
300 _a60
856 _uhttps://drive.google.com/file/d/1HPwAEkcvWynnNFYZrxjgsM6FAzg0Zuiq/view?usp=sharing
942 _cDISS
_2ddc
_n0
999 _c1739
_d1739